[Event "Skopje ol (Men) fin-A"]
[Site "Skopje"]
[Date "1972.09.27"]
[Round "1.1"]
[White "Bobotsov, Milko G"]
[Black "Gheorghiu, Florin"]
[Result "1/2-1/2"]
[WhiteElo "2455"]
[BlackElo "2520"]

1. d4 Nf6 2. c4 e6 3. Nc3 Bb4 4. e3 b6 5. Bd3 Bb7 6. Nf3 O-O 7. O-O c5 8. Na4  cxd4 9. exd4 Be7 10. Nc3 d5 11. cxd5 Nxd5 12. Qe2 Nd7 13. Rd1 N7f6 14. Bg5 Nh5  15. Qe5 Bf6 16. Bxf6 Nhxf6 17. Qg3 Nh5 18. Qe5 Nhf6 19. Qg3 Nh5 20. Qe5 1/2-1/2

[Event "Skopje ol (Men) fin-A"]
[Site "Skopje"]
[Date "1972.09.27"]
[Round "1.1"]
[White "Hug, Werner"]
[Black "Gligoric, Svetozar"]
[Result "0-1"]
[WhiteElo "2475"]
[BlackElo "2575"]

1. e4 c5 2. Nc3 Nc6 3. f4 e6 4. Nf3 d5 5. Bb5 Nf6 6. d3 Be7 7. O-O O-O 8. Bxc6  bxc6 9. Bd2 Ba6 10. e5 Nd7 11. Qe1 d4 12. Ne4 c4 13. Ba5 Nb6 14. dxc4 Bxc4 15.  Rf2 c5 16. b3 Bd5 17. c4 dxc3 18. Bxc3 c4 19. Rd2 Qc7 20. Rc1 Rfd8 21. Bd4 Rac8  22. Nf6+ Bxf6 23. exf6 Qxf4 24. Be5 Qh6 25. bxc4 Nxc4 26. Rdc2 gxf6 27. Qg3+  Kh8 28. Ng5 Rf8 29. Ba1 e5 30. Qd3 Qxg5 31. Qxd5 Ne3 32. Rxc8 Nxd5 33. Rxf8+  Kg7 34. Rfc8 Nf4 35. R1c2 Nh3+ 36. Kf1 Qf5+ 37. Ke1 Qe4+ 38. Kd1 Nf2+ 39. Kd2  Qd3+ 40. Ke1 Ne4 0-1

[Event "Skopje ol (Men) fin-A"]
[Site "Skopje"]
[Date "1972.09.27"]
[Round "1.1"]
[White "Uhlmann, Wolfgang"]
[Black "Rossetto, Hector"]
[Result "1-0"]
[WhiteElo "2530"]
[BlackElo "2465"]

1. c4 Nc6 2. Nc3 Nf6 3. Nf3 e5 4. g3 Nd4 5. Bg2 Nxf3+ 6. Bxf3 d6 7. O-O Be7 8.  Bg2 O-O 9. d3 c6 10. e4 Bg4 11. f3 Qb6+ 12. Kh1 Be6 13. f4 Ne8 14. Qe2 a5 15.  Be3 Qd8 16. d4 exd4 17. Bxd4 a4 18. Rad1 Qa5 19. f5 Bc8 20. a3 f6 21. Be3 g5  22. h4 Qe5 23. Bd4 Qa5 24. hxg5 fxg5 25. Qh5 Bd7 26. Bh3 Qd8 27. f6 Rxf6 28.  Bxf6 Bxf6 29. Rxf6 Nxf6 30. Qxg5+ Kf7 31. Rxd6 h6 32. Qf4 Bxh3 33. Rxd8 Rxd8  34. e5 1-0

[Event "Skopje ol (Men) fin-A"]
[Site "Skopje"]
[Date "1972.09.27"]
[Round "1.2"]
[White "Byrne, Robert E"]
[Black "Jansson, Borje"]
[Result "1-0"]
[WhiteElo "2560"]
[BlackElo "2410"]

1. e4 Nf6 2. e5 Nd5 3. Nc3 e6 4. Nxd5 exd5 5. d4 d6 6. Nf3 Nc6 7. Bf4 dxe5 8.  dxe5 Bc5 9. Qd2 Ne7 10. O-O-O c6 11. Be3 Qb6 12. Bxc5 Qxc5 13. Bd3 h6 14. Rhe1  Be6 15. Kb1 O-O-O 16. c3 Qb6 17. Nd4 a6 18. Qf4 c5 19. Nxe6 fxe6 20. Qf7 Kd7  21. Qxg7 Rhg8 22. Qxh6 Rxg2 23. Re2 c4 24. Bxc4 Rxf2 25. Bxd5 Kc7 26. Rxf2 Qxf2  27. Qh7 Rd7 28. Bb3 Nd5 29. Qc2 Qe3 30. Bxd5 exd5 31. Qg2 Qxe5 32. Qg3 Qxg3 33.  hxg3 Rg7 34. Rg1 Rg4 35. Kc2 Kd6 36. Kd3 Ke5 37. Ke3 d4+ 38. cxd4+ Rxd4 39. g4  Rd6 40. g5 Rg6 41. b4 b6 42. a4 Kf5 43. Kd4 Rd6+ 44. Kc4 Kg6 45. b5 a5 46. Rg4  Rd1 47. Rd4 Rb1 48. Kd5 Kxg5 49. Kc6 Rb4 50. Rd1 1-0

[Event "Skopje ol (Men) fin-A"]
[Site "Skopje"]
[Date "1972.09.27"]
[Round "1.2"]
[White "Diez del Corral, Jesus"]
[Black "Pytel, Krzysztof"]
[Result "1-0"]
[WhiteElo "2470"]
[BlackElo "2380"]

1. e4 c5 2. Nf3 d6 3. d4 cxd4 4. Nxd4 Nf6 5. Nc3 a6 6. g3 e5 7. Nde2 Be7 8. Bg2  O-O 9. O-O Nbd7 10. a4 b6 11. b3 Bb7 12. Nd5 Nxd5 13. exd5 Bf6 14. Be3 Re8 15.  a5 b5 16. Qd2 Rc8 17. Rac1 Nc5 18. Bh3 Rc7 19. Nc3 e4 20. Na2 Qa8 21. Nb4 Bb2  22. Rb1 Ba3 23. Nc6 Bxc6 24. dxc6 Qxc6 25. b4 Na4 26. Bd4 Qd5 27. c3 f5 28. Ra1  Bb2 29. Rxa4 Bxc3 30. Bxc3 Qxd2 31. Bxd2 bxa4 32. Ra1 g6 33. Bf4 Rc6 34. Bf1  Rb8 35. Rxa4 Kf7 36. b5 axb5 37. Rb4 Kf6 38. Be3 Ra6 39. Bb6 Rbxb6 40. axb6  Rxb6 41. f4 exf3 42. Kf2 g5 43. Kxf3 d5 44. Bd3 Ke5 45. h4 h6 46. h5 d4 47. Rb1  b4 48. Ra1 g4+ 49. Kf2 Rf6 50. Ra5+ Ke6 51. Rb5 f4 52. Bc4+ Ke7 53. Rxb4 fxg3+  54. Kxg3 d3 55. Rb7+ Kd6 56. Rb5 Ke7 57. Re5+ Kd7 58. Kxg4 d2 59. Bb3 Rb6 60.  Bd1 Re6 61. Ra5 Ke7 62. Ra7+ Ke8 63. Ra2 Rd6 64. Kf5 Ke7 65. Ra7+ Kf8 66. Ke5  Rd3 67. Rh7 Ra3 68. Rd7 Ke8 69. Rxd2 Ke7 70. Kf5 Ra6 71. Bb3 Rf6+ 72. Ke5 Rb6  73. Bd5 Rb1 74. Ra2 Re1+ 75. Be4 Kf8 76. Ra6 Rf1 77. Rxh6 Kg7 78. Rh7+ Kg8 79.  Ra7 Rf8 80. h6 Kh8 81. Bf5 Kg8 82. Kf4 Kh8 83. Kg5 Rg8+ 84. Kf6 Rb8 85. Rh7+  Kg8 86. Re7 Kh8 87. Be6 Rf8+ 88. Kg5 1-0

[Event "Skopje ol (Men) fin-A"]
[Site "Skopje"]
[Date "1972.09.27"]
[Round "1.2"]
[White "Garcia, Raimundo"]
[Black "Malich, Burkhard"]
[Result "0-1"]
[WhiteElo "2430"]
[BlackElo "2490"]

1. c4 e5 2. Nc3 Nf6 3. Nf3 Nc6 4. e3 Bb4 5. Qc2 O-O 6. d3 Re8 7. Bd2 Bf8 8. Be2  d6 9. O-O h6 10. Rfd1 Bf5 11. Ne4 Nd7 12. b4 Bh7 13. b5 Ncb8 14. Bb4 d5 0-1

[Event "Skopje ol (Men) fin-A"]
[Site "Skopje"]
[Date "1972.09.27"]
[Round "1.2"]
[White "Ghitescu, Theodor"]
[Black "Tringov, Georgi P"]
[Result "1-0"]
[WhiteElo "2450"]
[BlackElo "2460"]

1. c4 e5 2. Nc3 Nf6 3. Nf3 Nc6 4. g3 Bb4 5. Nd5 e4 6. Nh4 O-O 7. Bg2 Re8 8. O-O  Bf8 9. d3 Nxd5 10. cxd5 exd3 11. Qxd3 Ne5 12. Qc2 c5 13. b3 d6 14. Bb2 Ng6 15.  Nxg6 hxg6 16. e4 a5 17. f4 a4 18. e5 Bf5 19. Be4 axb3 20. axb3 Rxa1 21. Bxa1  Qd7 22. Bxf5 Qxf5 23. Qe2 g5 24. g4 Qd7 25. fxg5 dxe5 26. Qe4 b5 27. g6 fxg6  28. Qxg6 Bd6 29. Rf6 Rd8 30. Re6 c4 31. Bxe5 Bxe5 32. Rxe5 cxb3 33. Rh5 Rf8 34.  Qh7+ Kf7 35. Rf5+ Ke8 36. Qh5+ Rf7 37. d6 Qa7+ 38. Kg2 b2 39. Qh8+ 1-0

[Event "Skopje ol (Men) fin-A"]
[Site "Skopje"]
[Date "1972.09.27"]
[Round "1.2"]
[White "Ivkov, Borislav"]
[Black "Lombard, Andre"]
[Result "1-0"]
[WhiteElo "2520"]
[BlackElo "2380"]

1. c4 Nf6 2. Nc3 e6 3. Nf3 b6 4. g3 Bb7 5. Bg2 Be7 6. O-O O-O 7. d4 Ne4 8. Qc2  Nxc3 9. Qxc3 d6 10. b3 c5 11. Bb2 Bf6 12. Rad1 Qe7 13. Qd2 Rd8 14. Rfe1 Be4 15.  Nh4 Bxg2 16. Nxg2 Nc6 17. d5 Bxb2 18. Qxb2 Nd4 19. Nh4 Re8 20. Qb1 Qf6 21. dxe6  Rxe6 22. e3 Nf3+ 23. Nxf3 Qxf3 24. Rd5 Rf6 25. Rf1 Re8 26. Qd1 Ree6 27. Qxf3  Rxf3 28. Rfd1 Rff6 29. R1d3 Kf8 30. f4 Re8 31. Kf2 Rh6 32. h4 Ke7 33. e4 Rd8  34. f5 Kd7 35. e5 Kc7 36. f6 g5 37. hxg5 Rh2+ 38. Kf3 Rxa2 39. Rxd6 Rxd6 40.  Rxd6 Rb2 41. e6 1-0

[Event "Skopje ol (Men) fin-A"]
[Site "Skopje"]
[Date "1972.09.27"]
[Round "1.2"]
[White "Ree, Hans"]
[Black "Darga, Klaus"]
[Result "0-1"]
[WhiteElo "2480"]
[BlackElo "2540"]

1. c4 Nf6 2. Nf3 e6 3. g3 d5 4. Bg2 Be7 5. O-O O-O 6. b3 c5 7. Bb2 b6 8. cxd5  Nxd5 9. d4 cxd4 10. Nxd4 Bb7 11. e4 Nf6 12. Nc3 Bc5 13. Ndb5 a6 14. Na3 Nbd7  15. Qe2 b5 16. Nc2 Qc7 17. Rac1 Rac8 18. Rfd1 Ne5 19. h3 h5 20. Ne3 Qb6 21.  Nxb5 Bxe3 22. Qxe3 Qxe3 23. fxe3 Rxc1 24. Rxc1 Nd3 25. Nd6 Nxc1 26. Nxb7 Nxa2  27. e5 Nd5 28. Bd4 Rb8 29. Nc5 Nc1 30. Nxa6 Rxb3 31. Kf2 Ra3 32. Nc5 Ra2+ 33.  Kf3 Ne2 34. Bf1 Nxd4+ 35. exd4 Ra3+ 0-1

[Event "Skopje ol (Men) fin-A"]
[Site "Skopje"]
[Date "1972.09.27"]
[Round "1.3"]
[White "Filip, Miroslav"]
[Black "Holm, Sejer"]
[Result "1-0"]
[WhiteElo "2510"]
[BlackElo "2395"]

1. Nf3 f5 2. g3 g6 3. Bg2 Bg7 4. d4 Nf6 5. O-O O-O 6. b3 d6 7. Bb2 e6 8. c4 Qe7  9. Nc3 Nc6 10. d5 Ne5 11. Nd4 exd5 12. cxd5 Nh5 13. e3 a6 14. Qd2 Bd7 15. f4  Ng4 16. Rae1 Rae8 17. e4 Qd8 18. exf5 gxf5 19. Bf3 Qf6 20. Nd1 Qg6 21. Ne6 Bxe6  22. dxe6 c6 23. Bxg4 Qxg4 24. Bxg7 Qxg7 25. Rf3 d5 26. Re5 Qg6 27. e7 Rf7 28.  Qb4 Qg7 29. Ne3 c5 30. Qxc5 Nxf4 31. Rxf5 Ne6 32. Qd6 Rfxe7 33. Nxd5 Qd4+ 34.  Kg2 Kh8 35. Qe5+ Qxe5 36. Rxe5 Rg7 37. Rfe3 Rd8 38. Nf6 Rd2+ 39. Kg1 Nc7 40.  Re8+ 1-0

[Event "Skopje ol (Men) fin-A"]
[Site "Skopje"]
[Date "1972.09.27"]
[Round "1.3"]
[White "Filipowicz, Andrzej"]
[Black "Medina Garcia, Antonio Angel"]
[Result "1-0"]
[WhiteElo "2405"]
[BlackElo "2380"]

1. e4 e5 2. Nf3 Nc6 3. Bb5 a6 4. Ba4 d6 5. O-O Bd7 6. d4 Nf6 7. c4 Be7 8. d5  Nb8 9. Nc3 O-O 10. b4 Bxa4 11. Qxa4 Nbd7 12. Qc2 a5 13. Ba3 axb4 14. Bxb4 c5  15. dxc6 bxc6 16. a4 Qc7 17. Nd2 Nh5 18. g3 g6 19. Ba3 Ng7 20. Nb3 Ne6 21. Rfd1  Ndc5 22. Bxc5 dxc5 23. Ne2 Rfb8 24. Nbc1 Rf8 25. Nd3 f5 26. f4 Bd6 27. exf5  Rxf5 28. Rf1 Raf8 29. fxe5 Bxe5 30. Rxf5 Rxf5 31. Rf1 Nd4 32. Nxd4 Bxd4+ 33.  Kg2 Rxf1 34. Kxf1 Qf7+ 35. Kg2 g5 36. a5 Qe6 37. Nf2 Qe1 38. a6 Qa1 39. Qf5  Qxa6 40. Qxg5+ Kf7 41. Qf5+ Kg7 42. Qg5+ Kf8 43. Qh6+ Kg8 44. Qe6+ Kf8 45. Ng4  Qa2+ 46. Kh3 Qb1 47. Nh6 Qg6 48. Qxg6 hxg6 49. Kg2 Ke7 50. Kf3 Kf6 51. Kf4 Be5+  52. Ke4 Ke6 53. Ng4 Bc7 54. Nf2 Bd6 55. Nd3 Kf6 56. Kf3 Kf5 57. h4 Ke6 58. Nf4+  Kf6 59. Nd3 Ke6 60. Nf4+ Kf6 61. g4 Be7 62. Nd3 Ke6 63. Kf4 Kf6 64. g5+ Ke6 65.  Kg4 Bd6 66. Nf4+ Kf7 67. Kg3 Be5 68. Kf3 Bc7 69. Nd3 Bd6 70. Ke3 Ke7 71. Nf4  Kf7 72. Ke4 Bc7 73. h5 gxh5 74. Nxh5 Ba5 75. Kf5 Bc3 76. Nf4 Ke7 77. Nd3 Bd4  78. Nc1 Kf7 79. Nb3 Kg7 80. Na5 Bf2 81. Nxc6 Be3 82. Nd8 Bf2 83. g6 Be3 84.  Ne6+ Kg8 85. Kf6 Bf2 86. g7 Bh4+ 87. Kg6 Bf2 88. Nf4 1-0

[Event "Skopje ol (Men) fin-A"]
[Site "Skopje"]
[Date "1972.09.27"]
[Round "1.3"]
[White "Knaak, Rainer"]
[Black "Rubinetti, Jorge Alberto"]
[Result "1/2-1/2"]
[WhiteElo "2470"]
[BlackElo "2410"]

1. d4 Nf6 2. c4 b6 3. Nc3 Bb7 4. f3 d5 5. cxd5 Nxd5 6. Nxd5 Qxd5 7. e4 Qd7 8.  Be3 g6 9. Bc4 Bg7 10. Ne2 O-O 11. Rc1 Rd8 12. Kf2 e6 13. Qc2 Qe7 14. Rhd1 c6  15. a3 Nd7 16. Ba2 e5 17. d5 c5 18. Qd2 Qd6 19. Nc3 a6 20. Na4 Rdc8 21. b4 cxb4  22. Qxb4 Bf8 23. Qxd6 Bxd6 24. Nxb6 Nxb6 25. Bxb6 Bxa3 26. Rc7 Rxc7 27. Bxc7  Rc8 28. Bxe5 Rc2+ 29. Kg3 Rxa2 30. d6 Bc6 31. d7 Bxd7 32. Rxd7 f6 33. Bxf6 a5  34. Rg7+ Kf8 35. Rxh7 a4 36. Rb7 Bc5 37. Rb2 Rxb2 38. Bxb2 a3 39. Bc3 Kf7 40.  Kf4 Ke6 41. g4 Bg1 42. Kg5 Be3+ 43. f4 Bc1 44. Bb4 Kf7 45. e5 Bb2 46. Bxa3 Bxa3  47. Kh6 Bc1 48. e6+ Kxe6 49. Kxg6 Bxf4 50. h4 1/2-1/2

[Event "Skopje ol (Men) fin-A"]
[Site "Skopje"]
[Date "1972.09.27"]
[Round "1.3"]
[White "Olsson, Ake"]
[Black "Bisguier, Arthur Bernard"]
[Result "1/2-1/2"]
[WhiteElo "2380"]
[BlackElo "2430"]

1. e4 e5 2. Nf3 Nc6 3. Bb5 Nf6 4. O-O Nxe4 5. d4 Nd6 6. Bxc6 dxc6 7. dxe5 Nf5  8. Qxd8+ Kxd8 9. Nc3 Ke8 10. Ne2 Be6 11. Nf4 Bd5 12. Nxd5 cxd5 13. g4 Ne7 14.  Bf4 Ng6 15. Bg3 h5 16. h3 Bc5 17. Rfe1 c6 18. Rad1 Nf8 19. Kg2 Ne6 20. Ng1 g5  21. Ne2 Ke7 22. f3 Rad8 23. c3 Be3 24. Rd3 Bb6 25. Red1 Rh6 26. b4 Rhh8 27. a4  a6 28. Rh1 hxg4 29. fxg4 c5 30. bxc5 Nxc5 31. Rd4 Rd7 32. Rhd1 Rc8 33. Be1 Ne6  34. Rb4 Ba5 35. Rb2 Rc4 36. Rdb1 Rxa4 37. Rxb7 Bc7 38. Bg3 Nc5 39. R7b4 Ra2 40.  R4b2 Rxb2 41. Rxb2 1/2-1/2

[Event "Skopje ol (Men) fin-A"]
[Site "Skopje"]
[Date "1972.09.27"]
[Round "1.3"]
[White "Pfleger, Helmut"]
[Black "Zuidema, Coenraad"]
[Result "1/2-1/2"]
[WhiteElo "2545"]
[BlackElo "2430"]

1. d4 Nf6 2. c4 e6 3. Nf3 d5 4. Nc3 Be7 5. Bg5 O-O 6. e3 h6 7. Bh4 b6 8. Bd3  Bb7 9. cxd5 Nxd5 10. Bxe7 Qxe7 11. Nxd5 Bxd5 12. O-O Nd7 13. Rc1 c5 14. e4 Bb7  15. Qe2 Rac8 16. Ba6 Nf6 17. dxc5 Rxc5 18. Rxc5 Bxa6 19. Qxa6 Qxc5 20. e5 Nd7  21. Re1 Qd5 22. h3 Ra8 23. b4 b5 24. a4 bxa4 25. Qxa4 Nb6 26. Qa5 Nc4 27. Qxd5  exd5 28. Ra1 Re8 29. Rxa7 Nxe5 30. Nxe5 Rxe5 31. Ra8+ Kh7 32. Ra1 Kg6 33. Rb1  Kf5 34. b5 Re7 35. Kf1 Ke5 36. b6 Rb7 37. Ke2 Kd4 38. Rb4+ Kc5 39. Rg4 g6 40.  Rh4 h5 41. Rf4 Kxb6 42. g4 1/2-1/2

[Event "Skopje ol (Men) fin-A"]
[Site "Skopje"]
[Date "1972.09.27"]
[Round "1.3"]
[White "Radulov, Ivan"]
[Black "Ungureanu, Emil"]
[Result "1-0"]
[WhiteElo "2490"]
[BlackElo "2410"]

1. e4 c5 2. Nf3 Nc6 3. d4 cxd4 4. Nxd4 Nf6 5. Nc3 d6 6. Bg5 Bd7 7. Qd2 Rc8 8.  O-O-O Nxd4 9. Qxd4 Qa5 10. Bd2 e5 11. Qd3 a6 12. Kb1 Qd8 13. f3 Be7 14. Bg5 Rc6  15. h4 O-O 16. g3 Nh5 17. Bxe7 Qxe7 18. Nd5 Qd8 19. f4 Bg4 20. Rd2 Be6 21. Be2  Nf6 22. Nxf6+ Qxf6 23. f5 Bc4 24. Qe3 Qh6 25. Qxh6 gxh6 26. Bxc4 Rxc4 27. Rxd6  Rxe4 28. Rb6 Rb8 29. f6 h5 30. Rc1 Kf8 31. Rd1 Ke8 32. Rbd6 Rc8 33. Rd7 Re2 34.  c3 Rf2 35. R7d6 e4 36. R1d4 Re2 37. Rd7 Rf2 38. Rxb7 Rxf6 39. Rxe4+ Kf8 40. Rf4  Rcc6 41. a4 Rxf4 42. gxf4 Rg6 43. b4 Rg4 44. b5 axb5 45. axb5 Rxh4 46. b6 Rh1+  47. Kc2 Rh2+ 48. Kb3 Rh1 49. Kc4 h4 50. Rd7 Rb1 51. Kc5 Kg7 52. c4 h3 53. Rd2  Kf6 54. Kc6 Kf5 55. c5 1-0

[Event "Skopje ol (Men) fin-A"]
[Site "Skopje"]
[Date "1972.09.27"]
[Round "1.3"]
[White "Schaufelberger, Heinz"]
[Black "Ljubojevic, Ljubomir"]
[Result "0-1"]
[WhiteElo "2340"]
[BlackElo "2550"]

1. c4 g6 2. Nc3 Bg7 3. d4 d6 4. e4 Nd7 5. Be2 e5 6. Nf3 c6 7. O-O Nh6 8. d5 c5  9. Rb1 O-O 10. Bd2 f6 11. Ne1 f5 12. Nd3 Nb6 13. Nc1 fxe4 14. Nxe4 Bf5 15. f3  Bxe4 16. fxe4 Qh4 17. Bxh6 Bxh6 18. Qd3 Rxf1+ 19. Bxf1 Rf8 20. Nb3 Qf2+ 21. Kh1  Na4 22. Qe2 b6 0-1

[Event "Skopje ol (Men) fin-A"]
[Site "Skopje"]
[Date "1972.09.27"]
[Round "1.3"]
[White "Smyslov, Vassily"]
[Black "Forintos, Gyozo V"]
[Result "1/2-1/2"]
[WhiteElo "2620"]
[BlackElo "2495"]

1. Nf3 d5 2. b3 c5 3. e3 Nf6 4. Bb2 e6 5. c4 Nc6 6. cxd5 Nxd5 7. Bb5 Bd7 8. O-O  a6 9. Be2 Rc8 10. Nc3 Nf6 11. Rc1 Be7 12. Qc2 O-O 13. Qb1 h6 14. Na4 Na5 15.  Bxf6 gxf6 16. Nxc5 Bxc5 17. b4 Bd6 18. bxa5 Bc6 19. Nd4 Qxa5 20. Nxc6 Rxc6 21.  Rxc6 bxc6 22. Qc2 c5 23. Qc4 Rb8 24. Qg4+ Kf8 25. Bc4 Rb2 26. d3 Qb6 27. Bb3  Rd2 28. Qe4 Kg7 29. g3 f5 30. Qc4 Be5 31. Rc1 Qd6 32. Qxc5 Rxd3 33. Qa5 h5 34.  Qa4 Rc3 35. Rd1 Qc6 36. Qh4 Kg6 37. Qd8 Rc1 38. h4 Bf6 39. Qd2 Rc3 40. Qe2 Qb5  41. Qf3 Qc6 42. Qxc6 Rxc6 43. Rd7 a5 44. Kg2 Rc1 45. Ra7 Bc3 46. Ra8 Ra1 47.  Rg8+ Kh7 48. Rc8 Bb4 49. Rc2 Kg6 50. Ba4 Rd1 51. Rc7 Ra1 52. Rc2 Rd1 1/2-1/2

[Event "Skopje ol (Men) fin-A"]
[Site "Skopje"]
[Date "1972.09.27"]
[Round "1.4"]
[White "Hartoch, Robert G"]
[Black "Hecht, Hans Joachim"]
[Result "1-0"]
[WhiteElo "2430"]
[BlackElo "2485"]

1. Nf3 Nf6 2. c4 e6 3. g3 b6 4. Bg2 Bb7 5. O-O Be7 6. b3 O-O 7. Bb2 c5 8. e3 d6  9. Qe2 Nbd7 10. Nc3 a6 11. Rfd1 Rb8 12. d4 Ne4 13. Nxe4 Bxe4 14. Ne1 Bxg2 15.  Nxg2 b5 16. cxb5 cxd4 17. bxa6 dxe3 18. Nxe3 Re8 19. Rac1 d5 20. Rc6 Qa5 21.  Bc3 Bb4 22. a7 Ra8 23. Ra6 Qc5 24. Bd4 Qf8 25. Qb5 Red8 26. Rc1 Bd6 27. f4 Nf6  28. Rac6 Ne4 29. Qb7 f6 30. f5 Qe8 31. Bb6 Qh5 32. Qxa8 Rxa8 33. Rc8+ Kf7 34.  Rxa8 Qe2 35. Rf8+ Bxf8 36. a8=Q Ng5 37. fxe6+ Kg8 38. Qxf8+ Kxf8 39. Rc8+ Ke7  40. Nf5+ Kxe6 41. Nd4+ 1-0

[Event "Skopje ol (Men) fin-A"]
[Site "Skopje"]
[Date "1972.09.27"]
[Round "1.4"]
[White "Martz, William E"]
[Black "Uddenfeldt, Dan"]
[Result "1/2-1/2"]
[WhiteElo "2420"]
[BlackElo "2270"]

1. d4 Nf6 2. c4 g6 3. Nc3 Bg7 4. e4 d6 5. f4 O-O 6. Nf3 c5 7. Be2 Qa5 8. O-O  Nc6 9. d5 Nd4 10. Kh1 Nxf3 11. Bxf3 Nd7 12. Qd3 a6 13. Bd2 Qc7 14. a4 Rb8 15.  Rad1 Re8 16. Be1 Nf8 17. g4 Bd7 18. b3 b5 19. axb5 axb5 20. Nxb5 Qc8 21. Rg1 g5  22. fxg5 Ng6 23. Be2 Nf4 1/2-1/2

[Event "Skopje ol (Men) fin-A"]
[Site "Skopje"]
[Date "1972.09.27"]
[Round "1.4"]
[White "Matulovic, Milan"]
[Black "Gereben, Erno"]
[Result "1-0"]
[WhiteElo "2525"]
[BlackElo "2335"]

1. e4 e5 2. Nf3 Nc6 3. Bb5 a6 4. Ba4 Nf6 5. O-O Be7 6. Re1 b5 7. Bb3 d6 8. c3  O-O 9. h3 Na5 10. Bc2 c5 11. d4 Qc7 12. Nbd2 Bb7 13. d5 Bc8 14. b4 Nb7 15. a4  Bd7 16. a5 Ne8 17. Nf1 g6 18. g4 Ng7 19. Bh6 f6 20. Ng3 Nd8 21. Kh2 Nf7 22. Be3  Rac8 23. Rc1 Qb8 24. Rg1 cxb4 25. cxb4 Rc4 26. Rb1 Rfc8 27. Bd3 Rc3 28. Qe2 Kf8  29. Bd2 R3c7 30. Rg2 Ke8 31. Nf1 Bf8 32. Ne3 Qa7 33. h4 h6 34. Rh1 Be7 35. Nd1  Bf8 36. Be3 Qb7 37. g5 fxg5 38. hxg5 h5 39. Nh4 Nh8 40. f3 Kf7 41. Nf2 Kg8 42.  f4 exf4 43. Bxf4 Be8 44. e5 Rf7 45. Bg3 dxe5 46. Ne4 Nf5 47. Nxf5 Rxf5 48. Rf1  Rxf1 49. Qxf1 Bg7 50. Nf6+ Bxf6 51. Qxf6 Qf7 52. Qxe5 Bd7 53. Rf2 Bf5 54. Rxf5  gxf5 55. Bxf5 Ng6 56. Qe6 Ne7 57. g6 Qxe6 58. Bxe6+ Kg7 59. Bxc8 1-0

[Event "Skopje ol (Men) fin-A"]
[Site "Skopje"]
[Date "1972.09.27"]
[Round "1.4"]
[White "Toran Albero, Roman"]
[Black "Sydor, Andrzej"]
[Result "1/2-1/2"]
[WhiteElo "2420"]
[BlackElo "2390"]

1. c4 e5 2. Nc3 Nf6 3. Nf3 Nc6 4. d3 Bb4 5. Bd2 O-O 6. e3 Re8 7. Be2 d6 8. O-O  Bg4 9. Qc2 Ne7 10. a3 Bxc3 11. Bxc3 Qd7 12. Nh4 Bxe2 13. Qxe2 Ng6 14. Nxg6 hxg6  15. e4 c6 16. f4 exf4 17. Bxf6 gxf6 1/2-1/2

[Event "Skopje ol (Men) fin-A"]
[Site "Skopje"]
[Date "1972.09.28"]
[Round "2.1"]
[White "Garcia, Raimundo"]
[Black "Schmidt, Wlodzimierz"]
[Result "0-1"]
[WhiteElo "2420"]
[BlackElo "2450"]

1. Nf3 Nf6 2. g3 g6 3. b3 Bg7 4. Bb2 d5 5. c4 Bg4 6. Bg2 c6 7. O-O O-O 8. d3  Bxf3 9. Bxf3 Nbd7 10. cxd5 cxd5 11. Nc3 e6 12. d4 Rc8 13. Qd2 Re8 14. Rfd1 Bf8  15. Rac1 a6 16. Rc2 Nb6 17. Rdc1 Bb4 18. a3 Bd6 19. Nb1 Rxc2 20. Rxc2 Ne4 21.  Qd3 f5 22. Bg2 Nd7 23. f3 Nef6 24. e3 h5 25. Nd2 Rf8 26. Nf1 Kg7 27. a4 h4 28.  Bc3 hxg3 29. hxg3 g5 30. Qd2 g4 31. e4 gxf3 32. exf5 Ne4 0-1

[Event "Skopje ol (Men) fin-A"]
[Site "Skopje"]
[Date "1972.09.28"]
[Round "2.1"]
[White "Kavalek, Lubomir"]
[Black "Hug, Werner"]
[Result "1-0"]
[WhiteElo "2555"]
[BlackElo "2475"]

1. d4 Nf6 2. c4 d6 3. Nc3 e5 4. Nf3 Nbd7 5. g3 Be7 6. Bg2 O-O 7. O-O c6 8. e4  Qc7 9. b3 Re8 10. Bb2 Nf8 11. h3 Bd7 12. Rc1 Ng6 13. c5 exd4 14. cxd6 Qxd6 15.  Nxd4 Rad8 16. Nce2 Bf8 17. Qc2 Bc8 18. Rfe1 Qb8 19. a3 h5 20. Nf5 Ne5 21. Rcd1  Bxf5 22. exf5 Rxd1 23. Rxd1 Qc7 24. b4 a6 25. Nd4 Ned7 26. Nf3 Qb6 27. g4 hxg4  28. hxg4 Nd5 29. g5 Qd8 30. g6 fxg6 31. fxg6 N7f6 32. Ne5 Bd6 33. Nxc6 bxc6 34.  Qxc6 Be5 35. Bxd5+ Nxd5 36. Rxd5 Qg5+ 37. Kf1 Qf6 1-0

[Event "Skopje ol (Men) fin-A"]
[Site "Skopje"]
[Date "1972.09.28"]
[Round "2.1"]
[White "Pomar Salamanca, Arturo"]
[Black "Jansson, Borje"]
[Result "1-0"]
[WhiteElo "2460"]
[BlackElo "2410"]

1. d4 Nf6 2. c4 c5 3. Nf3 cxd4 4. Nxd4 e6 5. Nc3 Bb4 6. Qb3 Na6 7. Bd2 O-O 8.  e3 b6 9. Be2 Bb7 10. O-O Be7 11. Rfd1 Rc8 12. Rac1 Nc5 13. Qc2 Qc7 14. f3 Qb8  15. b4 Na6 16. a3 Bd6 17. f4 Qa8 18. Ncb5 Bb8 19. Bf3 Bxf3 20. Nxf3 d5 21. Qa4  Qb7 22. cxd5 Nxd5 23. Nc3 Nxc3 24. Bxc3 b5 25. Qb3 Nc7 26. Qb2 f6 27. Bd4 Nd5  28. Qb3 Rxc1 29. Rxc1 Rc8 30. Rd1 Rd8 31. Bc5 f5 32. Nd4 Qd7 33. h3 a6 34. Nxf5  exf5 35. Bb6 Re8 36. Qxd5+ Qxd5 37. Rxd5 g6 38. Rd7 Rf8 39. Bc5 1-0

[Event "Skopje ol (Men) fin-A"]
[Site "Skopje"]
[Date "1972.09.28"]
[Round "2.1"]
[White "Portisch, Lajos"]
[Black "Bobotsov, Milko G"]
[Result "1-0"]
[WhiteElo "2640"]
[BlackElo "2455"]

1. d4 Nf6 2. c4 e6 3. Nc3 Bb4 4. e3 c5 5. Bd3 b6 6. Nge2 Bb7 7. O-O cxd4 8.  exd4 Be7 9. d5 exd5 10. cxd5 Nxd5 11. Nxd5 Bxd5 12. Nf4 Bb7 13. Re1 Nc6 14. Nh5  Kf8 15. Nxg7 h6 16. Nf5 Bg5 17. Nd6 Qc7 18. Bg6 Ne7 19. Bxf7 Rh7 20. Bb3 Qc6  21. Nxb7 Qxb7 22. Bxg5 hxg5 23. Qd3 Rg7 24. Rxe7 Kxe7 25. Bd5 1-0

[Event "Skopje ol (Men) fin-A"]
[Site "Skopje"]
[Date "1972.09.28"]
[Round "2.2"]
[White "Korchnoi, Viktor"]
[Black "Pfleger, Helmut"]
[Result "1/2-1/2"]
[WhiteElo "2640"]
[BlackElo "2545"]

1. c4 Nf6 2. Nc3 e6 3. Nf3 d5 4. d4 Be7 5. Bg5 O-O 6. e3 h6 7. Bh4 b6 8. Be2  Bb7 9. Bxf6 Bxf6 10. cxd5 exd5 11. O-O Nd7 12. Qb3 c6 13. Rad1 Re8 14. Bd3 Nf8  15. e4 Ne6 16. e5 Be7 17. Bb1 Bf8 18. Qc2 g6 19. Qd2 a5 20. Rfe1 Qe7 21. h4 h5  22. Ng5 Nxg5 23. hxg5 Bc8 24. f4 Bg4 25. Rc1 Qe6 26. Kh1 Red8 27. Rf1 Bf5 28.  Bxf5 Qxf5 29. Na4 Rab8 30. Rxc6 Rdc8 31. Rcc1 Bb4 32. Nc3 Rc4 33. Qe3 Bxc3 34.  Rxc3 Rxc3 35. bxc3 Rc8 36. Qf3 Qe6 37. Rb1 Rd8 38. Kh2 Kg7 39. a4 Rc8 40. Rb5  Rd8 41. Qh3 Rb8 42. Qf3 Rd8 43. Qh3 Rb8 44. Rb3 Rb7 45. Qxe6 fxe6 46. Kg3 Kf7  47. Kh4 Rc7 48. f5 exf5 49. Rxb6 Rxc3 50. Rd6 Rd3 51. Rxd5 f4 52. Rd6 Kg7 53.  Rd7+ Kg8 54. Rd8+ Kg7 55. Rd7+ Kg8 56. Rd8+ Kg7 1/2-1/2

[Event "Skopje ol (Men) fin-A"]
[Site "Skopje"]
[Date "1972.09.28"]
[Round "2.2"]
[White "Lombard, Andre"]
[Black "Byrne, Robert E"]
[Result "1-0"]
[WhiteElo "2380"]
[BlackElo "2560"]

1. d4 Nf6 2. c4 g6 3. Nc3 Bg7 4. e4 d6 5. Be2 O-O 6. Bg5 c5 7. d5 h6 8. Be3 e6  9. Qd2 exd5 10. cxd5 Qe7 11. f3 h5 12. h4 Nbd7 13. Nh3 Ne5 14. Bh6 Bd7 15. Bxg7  Kxg7 16. O-O-O Rae8 17. Ng5 Rh8 18. Kb1 a6 19. Rde1 b5 20. Rhf1 Qd8 21. Nd1 Nh7  22. Ne3 f5 23. f4 Nxg5 24. hxg5 Ng4 25. Bxg4 hxg4 26. Qc3+ Kf7 27. e5 b4 28.  e6+ Kg8 29. Qf6 Qxf6 30. gxf6 Bxe6 31. dxe6 Rxe6 32. Nxf5 Kf7 33. Rxe6 Kxe6 34.  Ne3 Kxf6 35. Kc2 Ke6 36. Kd3 Rh2 37. Re1 Kd7 38. Re2 Kc6 39. Ke4 g3 40. Kf3 Rh1  41. Kxg3 d5 42. b3 a5 43. Kg4 a4 44. Kg5 axb3 45. axb3 Rb1 46. Kxg6 Rxb3 47. f5  Ra3 48. f6 Ra8 49. f7 b3 50. Nd1 Rf8 51. Re8 Rxf7 52. Kxf7 c4 53. g4 d4 54.  Rc8+ Kb5 55. g5 Kb4 56. g6 c3 57. g7 c2 58. Nb2 Ka3 59. Nd3 b2 60. Nxb2 Kxb2  61. g8=Q 1-0

[Event "Skopje ol (Men) fin-A"]
[Site "Skopje"]
[Date "1972.09.28"]
[Round "2.2"]
[White "Malich, Burkhard"]
[Black "Ciocaltea, Victor"]
[Result "1/2-1/2"]
[WhiteElo "2490"]
[BlackElo "2470"]

1. d4 Nf6 2. c4 c5 3. d5 b5 4. cxb5 a6 5. bxa6 Bxa6 6. Nc3 d6 7. Nf3 g6 8. e4  Bxf1 9. Kxf1 Bg7 10. g3 O-O 11. Kg2 Nbd7 12. h3 Qa5 13. Re1 Rfb8 14. Re2 Ne8  15. Bg5 h6 16. Bf4 g5 17. Bc1 Nc7 18. h4 g4 19. Nh2 Ne5 20. Rc2 h5 21. f3 gxf3+  22. Nxf3 Ng4 23. Ng5 Rxb2 24. Rxb2 Bxc3 25. Qf3 f6 26. Qf5 fxg5 27. Qxg5+ Bg7  28. Rab1 Rf8 29. Qxh5 Qe1 30. Qxg4 Qf1+ 31. Kh2 Rf2+ 32. Rxf2 Qxf2+ 33. Kh1  Qf1+ 34. Kh2 Qf2+ 35. Kh1 Qf1+ 1/2-1/2